[Event "SR 1. liga zapad 2014/2015"]
[Site "?"]
[Date "2014.10.18"]
[Round "1.5"]
[White "Dlhy, Jozef"]
[Black "Sulek, Viliam"]
[Result "0-1"]
[WhiteElo "2075"]
[BlackElo "2043"]
[PlyCount "50"]
[EventDate "2014.??.??"]

1. d4 Nf6 2. Nf3 g6 3. Bg5 Bg7 4. Nbd2 d5 5. e3 Nbd7 6. h3 O-O 7. Bd3 c6 8. O-O
Re8 9. e4 dxe4 10. Nxe4 Nxe4 11. Bxe4 Nf6 12. Bd3 Qb6 13. Rb1 Be6 14. c4 Rad8
15. Qc2 Qc7 16. Rbd1 Nh5 17. Qa4 Nf4 18. Qxa7 Nxd3 19. Rxd3 Bxc4 20. Rfd1 Bxd3
21. Rxd3 Ra8 22. Qc5 Rxa2 23. Qc1 Rea8 24. Ra3 R2xa3 25. bxa3 Qd6 0-1

[Event "SR 1. liga zapad 2014/2015"]
[Site "?"]
[Date "2014.10.18"]
[Round "1.6"]
[White "Petrik, Tomas"]
[Black "Koval, Maros"]
[Result "1/2-1/2"]
[WhiteElo "2495"]
[BlackElo "2098"]
[PlyCount "136"]
[EventDate "2014.??.??"]

1. e4 e5 2. Nf3 Nf6 3. Nxe5 d6 4. Nf3 Nxe4 5. d4 Be7 6. Bd3 Nf6 7. O-O Bg4 8.
Re1 O-O 9. Bg5 Nbd7 10. Nbd2 Re8 11. c3 Nf8 12. Qb3 Rb8 13. Nh4 c6 14. Nf5 Bxf5
15. Bxf5 Nd5 16. Bxe7 Nxe7 17. Bg4 d5 18. Nf3 Qc7 19. g3 Nd7 20. Bxd7 Qxd7 21.
Ne5 Qc7 22. Re2 f6 23. Nd3 Nf5 24. Rae1 Rxe2 25. Rxe2 b6 26. Nb4 Rd8 27. Qd1 a5
28. Nd3 Qd7 29. Qb3 Rb8 30. Re1 Qc7 31. Qd1 Qf7 32. Qg4 g6 33. Qf4 Rd8 34. h4
h5 35. Re2 Kg7 36. Kf1 Qd7 37. Kg2 Qf7 38. Kg1 Qd7 39. Qd2 Re8 40. Nf4 Rxe2 41.
Qxe2 Qe7 42. Kf1 Qxe2+ 43. Kxe2 Kf7 44. a4 Ng7 45. Kf3 Nf5 46. Nd3 Nd6 47. Kf4
Ke6 48. f3 Nf7 49. g4 hxg4 50. fxg4 g5+ 51. Kg3 gxh4+ 52. Kxh4 Ng5 53. Kh5 Kf7
54. Kh6 Ne4 55. Nf4 Nf2 56. Kh5 Ne4 57. Ng2 Nf2 58. Nf4 Ne4 59. Kh4 Ke7 60. Ng2
Nf2 61. Ne3 Nd3 62. Nd1 b5 63. b3 Nc1 64. axb5 cxb5 65. c4 dxc4 66. bxc4 bxc4
67. Ne3 Nb3 68. Nxc4 Nxd4 1/2-1/2

[Event "SR 1. liga zapad 2014/2015"]
[Site "?"]
[Date "2014.10.18"]
[Round "1.6"]
[White "Bojda, Lubomir"]
[Black "Schwarz, Dusan"]
[Result "1/2-1/2"]
[WhiteElo "2167"]
[BlackElo "2339"]
[PlyCount "83"]
[EventDate "2014.??.??"]

1. e4 c5 2. Nf3 Nc6 3. b3 d6 4. Bb5 Bd7 5. O-O Nf6 6. Re1 e5 7. c3 a6 8. Bd3
Be7 9. Bc2 O-O 10. a3 Qc7 11. Bb2 Rac8 12. d3 Rfe8 13. Nbd2 Bf8 14. Rc1 g6 15.
h3 Bh6 16. b4 b5 17. Bb3 Qb6 18. Rb1 Nh5 19. Nf1 Nf4 20. Ne3 Nd8 21. bxc5 dxc5
22. c4 Nc6 23. cxb5 axb5 24. Nd5 Qd8 25. Bc1 c4 26. dxc4 bxc4 27. Ba4 Rb8 28.
Rxb8 Nxb8 29. Bxf4 Bxf4 30. Bxd7 Nxd7 31. Qa4 Kg7 32. Qxc4 Nb6 33. Qc6 Nxd5 34.
exd5 e4 35. Qc3+ Kg8 36. Qd4 exf3 37. Rxe8+ Qxe8 38. Qxf4 Qe1+ 39. Kh2 Qxf2 40.
Qxf3 Qd4 41. Qb3 Qe5+ 42. Kg1 1/2-1/2

[Event "SR 1. liga zapad 2014/2015"]
[Site "?"]
[Date "2014.10.18"]
[Round "1.6"]
[White "Federic, Jozef"]
[Black "Polacik, Igor"]
[Result "1-0"]
[WhiteElo "2305"]
[BlackElo "2173"]
[PlyCount "67"]
[EventDate "2014.??.??"]

1. d4 Nf6 2. Nf3 e6 3. g3 b5 4. Bg2 Bb7 5. O-O Be7 6. a4 b4 7. c3 Na6 8. Nbd2
O-O 9. Nb3 c5 10. cxb4 cxb4 11. Bg5 d6 12. Qd3 Rb8 13. Bxf6 Bxf6 14. Ng5 Bxg5
15. Bxb7 Rxb7 16. Qxa6 Qd7 17. e3 Rc8 18. Rfc1 Rxc1+ 19. Rxc1 Bd8 20. Rc6 Be7
21. Qc4 Bf8 22. a5 d5 23. Qc2 g6 24. a6 Rb6 25. Na5 Rxc6 26. Qxc6 Qd8 27. Nb7
Qe7 28. Nc5 e5 29. Qxd5 exd4 30. exd4 Qe1+ 31. Kg2 Qb1 32. b3 Qd1 33. Nd7 Be7
34. Ne5 1-0

[Event "SR 1. liga zapad 2014/2015"]
[Site "?"]
[Date "2014.10.18"]
[Round "1.6"]
[White "Riabov, Alexander"]
[Black "Matejovic, Juraj"]
[Result "1-0"]
[WhiteElo "2072"]
[BlackElo "2203"]
[PlyCount "85"]
[EventDate "2014.??.??"]

1. e4 c5 2. Nf3 d6 3. d4 cxd4 4. Nxd4 Nf6 5. Nc3 a6 6. Bg5 e6 7. Qd2 Be7 8.
O-O-O O-O 9. f3 b5 10. Bd3 Bb7 11. Rhe1 Nbd7 12. g4 Rc8 13. h4 Nc5 14. Kb1 Qb6
15. Be3 b4 16. Nce2 d5 17. e5 Nfd7 18. f4 a5 19. Nf3 Qc7 20. Ned4 Nb6 21. Qf2
Nc4 22. Bc1 Ne4 23. Bxe4 dxe4 24. Ng5 Bc5 25. Nxe4 Bxe4 26. Rxe4 Rfd8 27. Qe2
Qb7 28. f5 g6 29. Bg5 Na3+ 30. Ka1 Bxd4 31. Rexd4 Rxd4 32. Rxd4 Nb5 33. Rd1 Qc6
34. Qd2 h5 35. Bf6 Kh7 36. fxg6+ fxg6 37. gxh5 Qd5 38. hxg6+ Kg8 39. Qxd5 exd5
40. Rxd5 Na7 41. Rd8+ Rxd8 42. Bxd8 Nc6 43. Bf6 1-0

[Event "SR 1. liga zapad 2014/2015"]
[Site "?"]
[Date "2014.10.18"]
[Round "1.6"]
[White "Banas, Kamil"]
[Black "Chlpik, Martin"]
[Result "1-0"]
[WhiteElo "2213"]
[BlackElo "2072"]
[PlyCount "63"]
[EventDate "2014.??.??"]

1. e4 g6 2. d4 Bg7 3. Nc3 d6 4. f4 e6 5. Nf3 Ne7 6. Bd3 c5 7. dxc5 dxc5 8. O-O
Nbc6 9. Be3 b6 10. Qe2 O-O 11. Qf2 Nd4 12. Rad1 Nxf3+ 13. Qxf3 Qc7 14. Qh3 e5
15. f5 c4 16. Be2 a6 17. Bh6 f6 18. Be3 b5 19. a3 Rb8 20. Nd5 Nxd5 21. Rxd5 Bb7
22. fxg6 hxg6 23. Rd7 Qc6 24. Rxg7+ Kxg7 25. Qh6+ Kf7 26. Qh7+ Ke8 27. Qxg6+
Ke7 28. Bh5 Qc7 29. Rd1 Qc6 30. Qh7+ Ke6 31. Bg4+ f5 32. exf5+ 1-0

[Event "SR 1. liga zapad 2014/2015"]
[Site "?"]
[Date "2014.10.18"]
[Round "1.6"]
[White "Belan, Jozef"]
[Black "Skara, Vladimir"]
[Result "0-1"]
[WhiteElo "2066"]
[BlackElo "2195"]
[PlyCount "66"]
[EventDate "2014.??.??"]

1. c4 g5 2. d3 Bg7 3. Nc3 h6 4. h4 g4 5. g3 c5 6. Bg2 Nc6 7. e3 e6 8. Qxg4
Bxc3+ 9. bxc3 Qf6 10. d4 e5 11. Bxc6 Qxc6 12. d5 Qf6 13. e4 d6 14. Qe2 Qg7 15.
Qd3 Ne7 16. Ne2 f5 17. f3 O-O 18. Be3 fxe4 19. fxe4 Bg4 20. O-O-O Kh7 21. Rdf1
Bf3 22. Rhg1 Qg4 23. Rf2 Bxe4 24. Qd2 Rxf2 25. Bxf2 Bg6 26. Be3 Qe4 27. Kb2 Nf5
28. Bf2 Qg4 29. Be3 b5 30. cxb5 Rb8 31. c4 Qxc4 32. Nc3 Nd4 33. Rc1 Nxb5 0-1

[Event "SR 1. liga zapad 2014/2015"]
[Site "?"]
[Date "2014.10.18"]
[Round "1.6"]
[White "Federic, Pavol"]
[Black "Marko, Anton"]
[Result "1-0"]
[WhiteElo "2175"]
[BlackElo "2092"]
[PlyCount "65"]
[EventDate "2014.??.??"]

1. e4 d6 2. d4 Nf6 3. Nc3 g6 4. Bc4 Bg7 5. Nge2 c6 6. a4 O-O 7. f4 d5 8. Bd3
dxe4 9. Nxe4 Nxe4 10. Bxe4 Bg4 11. c3 Nd7 12. h3 Bf5 13. Bxf5 gxf5 14. g4 Nf6
15. Ng3 Qd5 16. Be3 fxg4 17. hxg4 Qg2 18. Bf2 Ne4 19. Qc2 f5 20. Rg1 Qxf2+ 21.
Qxf2 Nxf2 22. Kxf2 fxg4 23. Ke3 Kf7 24. Nh5 Rg8 25. Ke4 Bh6 26. Rg2 Rg6 27. f5
Rg5 28. Rh1 Rf8 29. Nf4 Ke8 30. Rxh6 Rgxf5 31. Rxg4 R8f7 32. Nd3 Kd7 33. Ne5+
1-0

[Event "SR 1. liga zapad 2014/2015"]
[Site "?"]
[Date "2014.10.18"]
[Round "1.6"]
[White "Moravcik, Rastislav"]
[Black "Mydlarik, Martin"]
[Result "0-1"]
[WhiteElo "2028"]
[BlackElo "2138"]
[PlyCount "82"]
[EventDate "2014.??.??"]

1. g3 c5 2. Bg2 Nc6 3. Nc3 Nf6 4. e4 d6 5. d3 g6 6. Nf3 Bg7 7. O-O O-O 8. h3
Rb8 9. Nh2 b5 10. Ng4 Nxg4 11. hxg4 c4 12. f4 b4 13. Nd5 cxd3 14. cxd3 e6 15.
Ne3 Ba6 16. Kh2 Nd4 17. g5 f6 18. gxf6 Bxf6 19. f5 gxf5 20. exf5 Be5 21. fxe6
Qh4+ 22. Kg1 Qxg3 23. Qg4+ Qxg4 24. Nxg4 Ne2+ 25. Kh1 Ng3+ 26. Kg1 Ne2+ 27. Kh1
Ng3+ 28. Kg1 Nxf1 29. Bd5 Bd4+ 30. Kg2 Bb7 31. Bxb7 Rxb7 32. Bh6 Bg7 33. Rxf1
Rxf1 34. Kxf1 Re7 35. Be3 h5 36. Nf2 Bxb2 37. Ne4 Rxe6 38. Bxa7 d5 39. Nc5 Rg6
40. Nb3 h4 41. Bb8 h3 0-1

[Event "SR 1. liga zapad 2014/2015"]
[Site "?"]
[Date "2014.10.19"]
[Round "2.1"]
[White "Pagerka, Martin"]
[Black "Kovacik, Emil"]
[Result "1-0"]
[WhiteElo "2300"]
[BlackElo "2216"]
[PlyCount "53"]
[EventDate "2014.??.??"]

1. e4 d5 2. exd5 Qxd5 3. Nc3 Qd8 4. d4 Nf6 5. Nf3 Bg4 6. Be2 Nbd7 7. Bf4 e6 8.
h3 Bh5 9. a3 Bd6 10. Ne5 Bxe2 11. Qxe2 Qe7 12. Bg5 h6 13. Bh4 g5 14. Bg3 c6 15.
O-O-O O-O-O 16. Kb1 Nb6 17. h4 Nbd5 18. Nxd5 exd5 19. hxg5 hxg5 20. Rxh8 Rxh8
21. Qf3 Rf8 22. Qf5+ Qe6 23. Nxf7 Qxf5 24. Nxd6+ Kd7 25. Nxf5 Ne4 26. Ne3 Nxg3
27. fxg3 1-0

[Event "SR 1. liga zapad 2014/2015"]
[Site "?"]
[Date "2014.10.19"]
[Round "2.1"]
[White "Veres, Andrej"]
[Black "Bury, Rastislav"]
[Result "1-0"]
[WhiteElo "2179"]
[BlackElo "2147"]
[PlyCount "45"]
[EventDate "2014.??.??"]

1. d4 Nf6 2. Nf3 e6 3. c4 Bb4+ 4. Bd2 Qe7 5. g3 O-O 6. Bg2 Ne4 7. a3 Bxd2+ 8.
Nfxd2 Nxd2 9. Qxd2 d6 10. O-O e5 11. e3 exd4 12. exd4 Nc6 13. Nc3 Bf5 14. b4
Rae8 15. b5 Nd8 16. Nd5 Qd7 17. Qa5 c6 18. bxc6 bxc6 19. Nb4 Be4 20. f3 Bf5 21.
Rfe1 Re7 22. Rxe7 Qxe7 23. Qxf5 1-0

[Event "SR 1. liga zapad 2014/2015"]
[Site "?"]
[Date "2014.10.19"]
[Round "2.1"]
[White "Kimerling, Martin"]
[Black "Borik, Juraj"]
[Result "0-1"]
[WhiteElo "2157"]
[BlackElo "2188"]
[PlyCount "74"]
[EventDate "2014.??.??"]

1. d4 Nf6 2. c4 g6 3. Nc3 Bg7 4. g3 d5 5. cxd5 Nxd5 6. Bg2 Nb6 7. Nf3 O-O 8.
O-O Nc6 9. e3 a5 10. b3 e5 11. Nxe5 Nxe5 12. dxe5 Bxe5 13. Bb2 c6 14. f4 Bg7
15. Qc2 Qe7 16. Rae1 Qc5 17. Rf2 Re8 18. Nd1 Qxc2 19. Rxc2 a4 20. Bxg7 Kxg7 21.
b4 Bf5 22. e4 Rad8 23. Kf2 Bc8 24. Nb2 a3 25. Nc4 Nxc4 26. Rxc4 Rd2+ 27. Re2
Red8 28. Rc3 R8d3 29. Rc2 Rd1 30. b5 Bg4 31. bxc6 bxc6 32. Re1 R3d2+ 33. Rxd2
Rxd2+ 34. Kf1 Rxa2 35. Rc1 Rb2 36. e5 a2 37. Be4 Bf5 0-1

[Event "SR 1. liga zapad 2014/2015"]
[Site "?"]
[Date "2014.10.19"]
[Round "2.1"]
[White "Podoba, Milan"]
[Black "Karas, Marek"]
[Result "1-0"]
[WhiteElo "2131"]
[BlackElo "2170"]
[PlyCount "111"]
[EventDate "2014.??.??"]

1. e4 e6 2. d4 d5 3. Nd2 Nf6 4. e5 Nfd7 5. Bd3 c5 6. c3 Nc6 7. Ne2 cxd4 8. cxd4
f6 9. exf6 Qxf6 10. Nf3 h6 11. Bf4 Bb4+ 12. Bd2 Bd6 13. O-O O-O 14. Bc3 Rd8 15.
Bc2 Nf8 16. Ng3 Bd7 17. Re1 Qf7 18. a3 Be8 19. Qe2 Rac8 20. Rac1 Qe7 21. Qe3
Bf7 22. Bb1 Re8 23. Bc2 Ng6 24. Qd3 Qd7 25. Rcd1 Nf8 26. Ba4 Bg6 27. Qd2 Qf7
28. Ne5 Qf6 29. Nxg6 Nxg6 30. Bc2 Nf4 31. Ne2 Qh4 32. h3 Nh5 33. Qd3 Nf6 34.
Ng3 Bf4 35. Re2 e5 36. dxe5 Nxe5 37. Bxe5 Rxe5 38. Nf5 Rxc2 39. Rxc2 Qh5 40.
Rc8+ Ne8 41. Nd6 d4 42. Qc4+ Kh7 43. Qc2+ Kg8 44. Rxe8+ Rxe8 45. Nxe8 Qxe8 46.
Qc4+ Kh7 47. Qxd4 Bc7 48. Qxa7 Qe5 49. g3 Qxb2 50. Qe3 Bb6 51. Qf3 Qe5 52. Rd7
Bc5 53. Rxb7 Qa1+ 54. Kg2 Qxa3 55. Qf5+ Kg8 56. Qf7+ 1-0

[Event "SR 1. liga zapad 2014/2015"]
[Site "?"]
[Date "2014.10.19"]
[Round "2.1"]
[White "Danada, Tomas"]
[Black "Bombek, Peter"]
[Result "1/2-1/2"]
[WhiteElo "2118"]
[BlackElo "2156"]
[PlyCount "99"]
[EventDate "2014.??.??"]

1. e4 e6 2. f4 d5 3. e5 c5 4. Nf3 Nc6 5. c3 Nh6 6. Na3 Bd7 7. Bd3 Be7 8. O-O
O-O 9. Bb1 f6 10. exf6 Bxf6 11. Nc2 Kh8 12. Kh1 Qc7 13. d4 cxd4 14. Ncxd4 g6
15. Be3 Ng4 16. Bg1 Qxf4 17. h3 Bxd4 18. Bxd4+ Nxd4 19. Qxd4+ Qxd4 20. cxd4 Ne3
21. Re1 Nc4 22. b3 Nd6 23. Bd3 Rae8 24. Re3 Kg7 25. Rae1 Nf5 26. Bxf5 Rxf5 27.
Ne5 Bb5 28. a4 Ba6 29. Kh2 Rf4 30. Nf3 Kf6 31. Kg3 Re4 32. Rxe4 dxe4 33. Rxe4
b5 34. axb5 Bxb5 35. Re5 Bc6 36. Ra5 Re7 37. Kf4 Bd5 38. b4 Rb7 39. g4 h6 40.
h4 Bxf3 41. g5+ hxg5+ 42. hxg5+ Ke7 43. Kxf3 Rxb4 44. Rxa7+ Kd6 45. Ke4 Rb5 46.
Ra6+ Ke7 47. Ra7+ Kd6 48. Ra6+ Ke7 49. Ra7+ Kd6 50. Ra6+ 1/2-1/2

[Event "SR 1. liga zapad 2014/2015"]
[Site "?"]
[Date "2014.10.19"]
[Round "2.1"]
[White "Orgon, Dusan"]
[Black "Ocko, Martin"]
[Result "1/2-1/2"]
[WhiteElo "2066"]
[BlackElo "1857"]
[PlyCount "190"]
[EventDate "2014.??.??"]

1. d4 Nf6 2. Bg5 d5 3. Bxf6 exf6 4. e3 g6 5. c4 c6 6. Nc3 Bg7 7. cxd5 cxd5 8.
Qb3 O-O 9. Qxd5 Nc6 10. Qxd8 Rxd8 11. Bd3 f5 12. Nge2 Bh6 13. g3 Be6 14. O-O
Rac8 15. Rfd1 Nb4 16. Nf4 Bxf4 17. gxf4 Nxd3 18. Rxd3 Bd5 19. Nxd5 Rxd5 20. Rb3
Rd7 21. Rc3 Rxc3 22. bxc3 Rc7 23. Rc1 Kf8 24. Kf1 Ke7 25. Ke2 Rc4 26. Rb1 b6
27. Kd3 Ra4 28. Rb2 Kd6 29. f3 Ra5 30. e4 h6 31. Re2 g5 32. e5+ Ke6 33. fxg5
hxg5 34. Rg2 f6 35. f4 g4 36. Re2 a6 37. Kc4 b5+ 38. Kb3 fxe5 39. Rxe5+ Kf6 40.
Rc5 Ke6 41. a3 Ra4 42. c4 Kd6 43. cxb5 axb5 44. Rxb5 Rxd4 45. Rxf5 Rd3+ 46. Kb4
Ke6 47. Rc5 Rd4+ 48. Rc4 Rd2 49. Rc5 Rd4+ 50. Kb5 Rxf4 51. a4 Rf2 52. Rh5 Kd6
53. a5 Rb2+ 54. Kc4 Ra2 55. Kd4 Ra4+ 56. Ke3 Ke7 57. Kf2 Kf7 58. Kg3 Kg6 59.
Rb5 Kf7 60. Rc5 Ke7 61. Rf5 Ke6 62. Rh5 Ke7 63. Rh7+ Kd8 64. Ra7 Kc8 65. a6 Kb8
66. Rb7+ Ka8 67. Rb6 Ka7 68. Rg6 Rb4 69. Rh6 Rc4 70. Kh4 Rb4 71. Kg5 Rc4 72.
Kf5 Rb4 73. Rh4 Rb5+ 74. Kxg4 Kxa6 75. Rh6+ Kb7 76. Rd6 Kc7 77. Rd2 Rb4+ 78.
Kg5 Rb5+ 79. Kg6 Rb6+ 80. Kg7 Rb4 81. h3 Rh4 82. Rh2 Kd6 83. Kg6 Ke6 84. Re2+
Kd5 85. Re3 Rh8 86. Kg5 Rg8+ 87. Kf5 Rf8+ 88. Kg4 Rg8+ 89. Kf3 Rh8 90. Kg3 Rg8+
91. Kh2 Rh8 92. Re7 Kd6 93. Rg7 Ke6 94. Kg3 Kf6 95. Rg4 Rb8 1/2-1/2

[Event "SR 1. liga zapad 2014/2015"]
[Site "?"]
[Date "2014.10.19"]
[Round "2.2"]
[White "Vass, Frantisek"]
[Black "Motuz, Karol"]
[Result "1/2-1/2"]
[WhiteElo "2280"]
[BlackElo "2336"]
[PlyCount "38"]
[EventDate "2014.??.??"]

1. d4 d5 2. Nf3 Nf6 3. c4 c6 4. Nc3 e6 5. Qc2 Nbd7 6. Bg5 h6 7. Bh4 dxc4 8. e4
b5 9. Be2 Bb7 10. O-O Qb6 11. Rfd1 a6 12. a3 c5 13. d5 exd5 14. e5 d4 15. exf6
Nxf6 16. Re1 O-O-O 17. Qf5+ Qe6 18. Bd3 Qxf5 19. Bxf5+ Kc7 1/2-1/2

[Event "SR 1. liga zapad 2014/2015"]
[Site "?"]
[Date "2014.10.19"]
[Round "2.2"]
[White "Jakubek, Peter"]
[Black "Banas, Jan"]
[Result "1/2-1/2"]
[WhiteElo "2169"]
[BlackElo "2273"]
[PlyCount "81"]
[EventDate "2014.??.??"]

1. d4 g6 2. e4 Bg7 3. Nc3 c5 4. Be3 Qa5 5. Qd2 cxd4 6. Bxd4 Bxd4 7. Qxd4 Nf6 8.
Bc4 Nc6 9. Qe3 O-O 10. O-O-O d6 11. Nd5 Ng4 12. Qe2 Qc5 13. Nh3 Nge5 14. Bb3
Bg4 15. f3 Bxh3 16. gxh3 e6 17. f4 exd5 18. fxe5 Nd4 19. Qd3 Nxb3+ 20. Qxb3
dxe4 21. exd6 Qc6 22. Rhf1 Rad8 23. Rf6 Rd7 24. Qe3 Rc8 25. Rd2 b5 26. h4 Qc5
27. Qxe4 Qg1+ 28. Rd1 Qxh2 29. c3 a5 30. Rdf1 Rxd6 31. Rxf7 Qd2+ 32. Kb1 Qd3+
33. Qxd3 Rxd3 34. Rb7 Rd5 35. Rf4 b4 36. c4 Rf5 37. Rd4 Re8 38. Rdd7 Rh5 39.
Rd4 Rhe5 40. Rdd7 Rh5 41. Rd4 1/2-1/2

[Event "SR 1. liga zapad 2014/2015"]
[Site "?"]
[Date "2014.10.19"]
[Round "2.2"]
[White "Szitkey, Milan"]
[Black "Obona, Jan"]
[Result "0-1"]
[WhiteElo "2151"]
[BlackElo "2166"]
[PlyCount "72"]
[EventDate "2014.??.??"]

1. e4 c5 2. Nf3 d6 3. c3 Nf6 4. h3 Nbd7 5. Bd3 b6 6. O-O Bb7 7. Re1 Qc7 8. Bc2
Rc8 9. d3 g6 10. Nbd2 Bg7 11. Nf1 O-O 12. Ne3 e6 13. Ng4 Nxg4 14. hxg4 d5 15.
g5 b5 16. Nh2 f5 17. gxf6 Nxf6 18. e5 Nd7 19. f4 d4 20. Qg4 Rce8 21. Bd2 Rf5
22. Rac1 a5 23. cxd4 cxd4 24. Bd1 Qb6 25. Bf3 Bxf3 26. Nxf3 Nc5 27. Bxa5 Qa7
28. b4 Nxd3 29. Rc7 Qa8 30. Rd1 Qe4 31. Qg3 Nxf4 32. Qe1 Ne2+ 33. Kf1 Rxf3+ 34.
gxf3 Qxf3+ 35. Qf2 Ng3+ 36. Ke1 Qe4+ 0-1

[Event "SR 1. liga zapad 2014/2015"]
[Site "?"]
[Date "2014.10.19"]
[Round "2.2"]
[White "Miklas, Marian"]
[Black "Kukucka, Matej"]
[Result "1/2-1/2"]
[WhiteElo "2112"]
[BlackElo "2073"]
[PlyCount "50"]
[EventDate "2014.??.??"]

1. Nf3 Nf6 2. c4 g6 3. g3 Bg7 4. Bg2 O-O 5. O-O d6 6. d4 c6 7. Nc3 Qa5 8. d5
cxd5 9. cxd5 Bd7 10. a3 Rc8 11. Be3 Na6 12. Qd2 Qd8 13. b4 Rxc3 14. Qxc3 Nxd5
15. Qb3 Nxe3 16. Qxe3 Bxa1 17. Rxa1 Nc7 18. Nd4 e5 19. Nb3 Bc6 20. Bxc6 bxc6
21. Na5 Nd5 22. Qd3 Ne7 23. Nc4 Nd5 24. Rd1 e4 25. Qd4 Qd7 1/2-1/2

[Event "SR 1. liga zapad 2014/2015"]
[Site "?"]
[Date "2014.10.19"]
[Round "2.2"]
[White "Capak, Stefan"]
[Black "Kavon, Rastislav"]
[Result "1/2-1/2"]
[WhiteElo "2063"]
[BlackElo "2153"]
[PlyCount "43"]
[EventDate "2014.??.??"]

1. d4 Nf6 2. Nf3 g6 3. g3 Bg7 4. Bg2 O-O 5. O-O d6 6. c4 c6 7. Nc3 Qc7 8. e4 e5
9. h3 Nbd7 10. Be3 Rd8 11. Qc2 Nh5 12. Rad1 Nf8 13. g4 exd4 14. Nxd4 Nf6 15.
Rd2 Ne6 16. Nce2 Ne8 17. Rfd1 b6 18. f4 Bb7 19. f5 Nxd4 20. Nxd4 Be5 21. Nf3 c5
22. Qd3 1/2-1/2

[Event "SR 1. liga zapad 2014/2015"]
[Site "?"]
[Date "2014.10.19"]
[Round "2.2"]
[White "Puskar, Peter"]
[Black "Belak, Stefan"]
[Result "1/2-1/2"]
[WhiteElo "2051"]
[BlackElo "1998"]
[PlyCount "82"]
[EventDate "2014.??.??"]

1. Nf3 d5 2. d4 Nc6 3. Bf4 e6 4. e3 Bd6 5. Bg3 Bxg3 6. hxg3 Nf6 7. Nbd2 Qe7 8.
Ne5 Nxe5 9. dxe5 Nd7 10. Qh5 Nb6 11. O-O-O Bd7 12. Nf3 O-O-O 13. Be2 Na4 14.
Qh4 Qf8 15. Rd4 Nb6 16. Rf4 h6 17. Qh2 g5 18. Rf6 g4 19. Nd2 h5 20. f3 Qg7 21.
Qg1 Be8 22. fxg4 hxg4 23. Rxh8 Qxh8 24. Bxg4 Nd7 25. Rf4 Nxe5 26. Be2 Ng6 27.
Rb4 Qf8 28. Rb3 Qd6 29. e4 dxe4 30. Nxe4 Qd4 31. Qxd4 Rxd4 32. Nc5 Bc6 33. Bf3
Bxf3 34. gxf3 b6 35. Ne4 Kd8 36. Nd2 Ne5 37. f4 Ng4 38. Kd1 a5 39. Ke2 Nf6 40.
Ke3 Rd5 41. Rd3 Rxd3+ 1/2-1/2

[Event "SR 1. liga zapad 2014/2015"]
[Site "?"]
[Date "2014.10.19"]
[Round "2.2"]
[White "Magerciak, Roman"]
[Black "Puchart, Vladimir"]
[Result "1/2-1/2"]
[WhiteElo "1952"]
[BlackElo "2031"]
[PlyCount "81"]
[EventDate "2014.??.??"]

1. d4 Nf6 2. c4 e6 3. Nf3 b6 4. g3 Ba6 5. Qa4 Be7 6. Bg2 Bb7 7. O-O O-O 8. Nc3
d6 9. Rd1 Nbd7 10. Bf4 a5 11. Qc2 Nh5 12. Ng5 Bxg5 13. Bxb7 Rb8 14. Bxg5 Qxg5
15. Bc6 Rfd8 16. Qe4 Nf8 17. f4 Qg6 18. Qf3 f5 19. e4 Nf6 20. exf5 Qxf5 21. Re1
Ng6 22. h4 Kh8 23. Ne4 e5 24. Ng5 Rf8 25. fxe5 Qxf3 26. Nxf3 Ng8 27. Re3 N6e7
28. Be4 Nh6 29. exd6 cxd6 30. Kg2 Ng4 31. Re2 Nf5 32. Bxf5 Rxf5 33. Rae1 Rbf8
34. Ng5 h5 35. Re8 Rf2+ 36. Kg1 Kg8 37. R8e2 g6 38. Ne4 R2f3 39. Kg2 Rd3 40. d5
Rff3 41. Kg1 1/2-1/2

[Event "SR 1. liga zapad 2014/2015"]
[Site "?"]
[Date "2014.10.19"]
[Round "2.3"]
[White "Kukel, Imre"]
[Black "Gazik, Igor"]
[Result "0-1"]
[WhiteElo "2279"]
[BlackElo "2321"]
[PlyCount "96"]
[EventDate "2014.??.??"]

1. e4 e5 2. Nf3 Nc6 3. Bb5 g6 4. d4 exd4 5. c3 d3 6. Qxd3 Bg7 7. Bg5 Nge7 8.
Na3 h6 9. Bf4 d6 10. h4 a6 11. Ba4 b5 12. Bb3 Bb7 13. Nc2 Ne5 14. Bxe5 dxe5 15.
Qe3 Qd7 16. h5 g5 17. Rd1 Qg4 18. Qc5 Qxg2 19. Qxc7 Qxh1+ 20. Ke2 Qh3 21. Qxb7
Qc8 22. Qb6 O-O 23. Ne3 Qc6 24. Qxc6 Nxc6 25. Rd7 Ra7 26. Rd6 Ne7 27. Ng4 Kh7
28. Ngxe5 Bxe5 29. Nxe5 Kg7 30. Ng4 Ng8 31. Ne3 Ne7 32. Rb6 Rc8 33. Kf3 Rd8 34.
Ng4 Ng8 35. Bd5 Ne7 36. Bb3 Rd3+ 37. Kg2 Ng8 38. Bd5 Rd2 39. Bb7 Rxb2 40. Bxa6
Re7 41. e5 Rc7 42. Bxb5 Rxc3 43. a4 Ne7 44. Rd6 Nf5 45. Rd7 Rg3+ 46. Kf1 Rxg4
47. e6 Rb1+ 48. Ke2 Nd4+ 0-1

[Event "SR 1. liga zapad 2014/2015"]
[Site "?"]
[Date "2014.10.19"]
[Round "2.3"]
[White "Dobrotka, Martin"]
[Black "Janko, Zoltan"]
[Result "1/2-1/2"]
[WhiteElo "2189"]
[BlackElo "2255"]
[PlyCount "50"]
[EventDate "2014.??.??"]

1. d4 Nf6 2. c4 g6 3. Nc3 d5 4. Nf3 Bg7 5. e3 O-O 6. Be2 c5 7. O-O cxd4 8. Nxd4
Nc6 9. cxd5 Nxd5 10. Nxd5 Qxd5 11. Bf3 Qc5 12. Nxc6 bxc6 13. Qa4 Be6 14. Qxc6
Qxc6 15. Bxc6 Rab8 16. Ba4 Rfc8 17. Rd1 Bxb2 18. Bxb2 Rxb2 19. Bb3 Bxb3 20.
axb3 Rcc2 21. Rf1 Rxb3 22. Rxa7 e6 23. g3 Rbb2 24. Raa1 Kg7 25. Rac1 Rxc1
1/2-1/2

[Event "SR 1. liga zapad 2014/2015"]
[Site "?"]
[Date "2014.10.19"]
[Round "2.3"]
[White "Szegi, Tamas"]
[Black "Kaniansky, Miroslav"]
[Result "1-0"]
[WhiteElo "2186"]
[BlackElo "2194"]
[PlyCount "99"]
[EventDate "2014.??.??"]

1. e4 e5 2. d4 exd4 3. Qxd4 Nc6 4. Qe3 Nf6 5. Nc3 Bb4 6. Bd2 d6 7. O-O-O Qe7 8.
h3 O-O 9. Nd5 Nxd5 10. exd5 Qxe3 11. Bxe3 Ne5 12. c3 Ba5 13. f4 Ng6 14. Nf3 Bb6
15. Bd2 Bf5 16. Bc4 Rae8 17. Rhf1 Be3 18. Bb5 Re7 19. Bxe3 Rxe3 20. Kd2 Re7 21.
Rf2 a6 22. Bc4 Rfe8 23. Nd4 Bd7 24. Bd3 Bc8 25. Rdf1 Nf8 26. g4 Re3 27. Rf3
Rxf3 28. Rxf3 Nd7 29. Re3 Rxe3 30. Kxe3 g6 31. b4 Nf6 32. c4 h6 33. a4 Bd7 34.
a5 Kf8 35. g5 hxg5 36. fxg5 Ne8 37. h4 c5 38. dxc6 bxc6 39. c5 dxc5 40. bxc5
Nc7 41. Be4 Nd5+ 42. Bxd5 cxd5 43. Kf4 Ke7 44. Ke5 Bh3 45. Kxd5 Bg2+ 46. Ke5
Kd7 47. Kf6 Bd5 48. Nc2 Bc4 49. Nb4 Kc8 50. Nc6 1-0

[Event "SR 1. liga zapad 2014/2015"]
[Site "?"]
[Date "2014.10.19"]
[Round "2.3"]
[White "Hanko, Pavol"]
[Black "Baranek, Jozef"]
[Result "1-0"]
[WhiteElo "2133"]
[BlackElo "2142"]
[PlyCount "55"]
[EventDate "2014.??.??"]

1. d4 Nf6 2. Nf3 d5 3. c4 e6 4. Bg5 Be7 5. e3 O-O 6. Nc3 Nbd7 7. Rc1 h6 8. Bh4
dxc4 9. Bxc4 c5 10. O-O cxd4 11. exd4 Nb6 12. Bd3 Nfd5 13. Bxe7 Qxe7 14. Ne5
Bd7 15. Be4 Rfd8 16. Nxd5 exd5 17. Bb1 Be8 18. Re1 Qd6 19. Qd3 g6 20. Qh3 h5
21. f4 Rac8 22. Rcd1 Nd7 23. f5 Nf8 24. g4 hxg4 25. Nxg4 Bd7 26. Rf1 Bxf5 27.
Bxf5 gxf5 28. Nh6+ 1-0

[Event "SR 1. liga zapad 2014/2015"]
[Site "?"]
[Date "2014.10.19"]
[Round "2.3"]
[White "Pallag, Gergely"]
[Black "Lakatos, Vladimir"]
[Result "1/2-1/2"]
[WhiteElo "2101"]
[BlackElo "2121"]
[PlyCount "70"]
[EventDate "2014.??.??"]

1. d4 Nf6 2. Bg5 d5 3. Bxf6 exf6 4. e3 Be6 5. Bd3 Bd6 6. Qf3 c6 7. Nd2 Qb6 8.
Ne2 Na6 9. Bxa6 Qxa6 10. g4 Qb6 11. O-O-O O-O-O 12. h4 g6 13. Nf4 f5 14. g5 Be7
15. Nd3 h6 16. Qg2 hxg5 17. hxg5 Qa5 18. a3 Bd6 19. Nf3 Qc7 20. Nde5 c5 21. Kb1
c4 22. Ka2 Qa5 23. Rb1 c3 24. b4 Qa4 25. Ne1 a5 26. N5d3 axb4 27. Nxb4 Kd7 28.
Rb3 Rxh1 29. Qxh1 f4 30. Ned3 fxe3 31. fxe3 Rc8 32. Qf3 Qa5 33. Qf2 Ra8 34. Kb1
Qc7 35. Qe1 Rc8 1/2-1/2

[Event "SR 1. liga zapad 2014/2015"]
[Site "?"]
[Date "2014.10.19"]
[Round "2.3"]
[White "Gazikova, Veronika"]
[Black "Voros, Gellert"]
[Result "1-0"]
[WhiteElo "2148"]
[BlackElo "2069"]
[PlyCount "51"]
[EventDate "2014.??.??"]

1. e4 e5 2. Nf3 Nc6 3. Bc4 Bc5 4. c3 Nf6 5. d3 d6 6. O-O O-O 7. h3 h6 8. Re1 a6
9. Bb3 Ba7 10. Nbd2 Nh5 11. Nf1 Qf6 12. Be3 Nf4 13. Ng3 g6 14. d4 Rd8 15. Bxf4
Qxf4 16. Nf5 Bxf5 17. g3 Qxe4 18. Rxe4 Bxe4 19. Qe2 d5 20. Nxe5 Nxe5 21. dxe5
Re8 22. Kh2 c6 23. f4 Bf5 24. Bc2 Bd7 25. f5 g5 26. f6 1-0